000 00688nam a2200253Ia 4500
003 OSt
005 20221007075612.0
006 a|||||r|||| 00| 0
007 ta
008 221006b |||||||| |||| 00| 0 eng d
024 _a43,395
037 _cTextual
040 _aFLL
_cFLL
_beng
041 _2eng
_aeng
082 _aD65,8(B)0aZ, P5
100 _aBajaj K K
_9299727
245 0 _aE-commerce , Reprint 2015
250 _a2nd
260 _aNew Delhi
_bMcgraw Hill Education (India) Private Limited India
_c2005
300 _axiv,597p
_ccm.
700 _a Nag D
_9694020
942 _hD65,8(B)0aZ, P5
_cTEXL
_2CC
999 _c1156695
_d1156695